[Event "Accession Vitrolles 2017/2018"]
[Site "Vitrolles"]
[Date "2018.02.03"]
[Round "6"]
[White "Urcun, Gael"]
[Black "Madranges, Jean"]
[Result "1-0"]
[WhiteElo "1729"]
[BlackElo "1791"]
[PlyCount "53"]

1. e4 d5 2. exd5 Nf6 3. d4 Bg4 4. Bb5+ Nbd7 5. f3 Bf5 6. Nc3 a6 7. Ba4 b5 8.
Bb3 Nb6 9. g4 Bg6 10. Nge2 Nfxd5 11. Nxd5 Nxd5 12. c4 Nb6 13. c5 Nd5 14. Nf4 e6
15. h4 h6 16. Nxg6 fxg6 17. Qd3 Qf6 18. Bd2 O-O-O 19. Qe4 c6 20. O-O-O Re8 21.
Bxd5 cxd5 22. Qd3 e5 23. dxe5 Rxe5 24. f4 Re4 25. Qxd5 Rc4+ 26. Kb1 Rxc5 27.
Qa8+ 1-0

[Event "Accession Vitrolles 2017/2018"]
[Site "Vitrolles"]
[Date "2018.02.03"]
[Round "6"]
[White "Rasolo, Loick"]
[Black "Battaglia, Gerard"]
[Result "1-0"]
[WhiteElo "1713"]
[BlackElo "1744"]
[PlyCount "65"]

1. b4 e5 2. Bb2 Nf6 3. a3 c5 4. bxc5 Bxc5 5. Bxe5 Bxf2+ 6. Kxf2 Ng4+ 7. Ke1
Nxe5 8. e3 Qf6 9. d4 Ng4 10. Qxg4 O-O 11. Qf3 Qb6 12. Nd2 Qb2 13. Qd1 Re8 14.
Kf2 Qc3 15. Bd3 d6 16. Nc4 Bg4 17. Qe1 Qxe1+ 18. Rxe1 Re6 19. h3 Rf6+ 20. Nf3
Bxf3 21. gxf3 Nd7 22. e4 b5 23. Ne3 Rb8 24. Nd5 Rh6 25. Rb1 a6 26. Nc7 f5 27.
Nxa6 Rb6 28. Bxb5 fxe4 29. fxe4 Kf8 30. Bxd7 Rxa6 31. a4 Ra7 32. Bc6 Ra5 33.
Rb5 1-0

[Event "Accession Vitrolles 2017/2018"]
[Site "Vitrolles"]
[Date "2018.02.03"]
[Round "6"]
[White "Montanelli, Tristan"]
[Black "Scamaroni, Jean-Paul"]
[Result "1-0"]
[WhiteElo "1650"]
[BlackElo "1574"]
[PlyCount "139"]

1. d4 Nf6 2. Bg5 e6 3. e4 h6 4. Bxf6 Qxf6 5. Nf3 c5 6. c3 cxd4 7. Qxd4 Qxd4 8.
Nxd4 a6 9. Nd2 Bc5 10. N4b3 Ba7 11. Nc4 O-O 12. Nd6 Nc6 13. O-O-O Bxf2 14. Nxc8
Raxc8 15. Rxd7 b5 16. Rd6 Rfd8 17. Rxd8+ Rxd8 18. Be2 Be3+ 19. Kc2 Kf8 20. Rd1
Rxd1 21. Kxd1 Ke7 22. Na1 Kd6 23. Nc2 Bb6 24. Ne1 Ne5 25. Bf3 Bf2 26. Nc2 Bb6
27. Ke2 g5 28. h3 a5 29. Bh5 f5 30. exf5 exf5 31. Be8 Kc5 32. Nd4 b4 33. Nxf5
bxc3 34. bxc3 Bd8 35. Nxh6 Bf6 36. Nf5 Nc4 37. Ba4 Bxc3 38. Bb3 Nb6 39. Ng3 Kd4
40. Nf5+ Ke5 41. Nh6 Kf6 42. Kf3 Nd7 43. Ng4+ Kg7 44. Nf2 Kh6 45. Be6 Nf6 46.
Ke3 Nh5 47. Ne4 Be5 48. Kf3 Nf4 49. Bc4 Kg6 50. Bb5 Nd5 51. Nc5 Ne7 52. Be8+
Kf5 53. g4+ Kf6 54. Ne4+ Kg7 55. Nxg5 Ng6 56. Ke4 Ba1 57. Bxg6 Kxg6 58. h4 Bb2
59. Nf3 Ba1 60. h5+ Kh6 61. Kf5 a4 62. Ne5 a3 63. Nd3 Bd4 64. Nf4 Bb2 65. g5+
Kh7 66. Nd5 Kg7 67. h6+ Kh8 68. Kg6 Bd4 69. Kf7 Kh7 70. Nf6+ 1-0

[Event "Accession Vitrolles 2017/2018"]
[Site "Vitrolles"]
[Date "2018.02.03"]
[Round "6"]
[White "Thiers, Jean-Jacques"]
[Black "Duval, Jean-Pierre"]
[Result "0-1"]
[WhiteElo "1678"]
[BlackElo "1698"]
[PlyCount "58"]

1. e4 e6 2. d4 d5 3. e5 c5 4. c3 Nc6 5. Nf3 Qb6 6. Be2 Nh6 7. Na3 cxd4 8. cxd4
Bb4+ 9. Bd2 Bxa3 10. Bxh6 Bxb2 11. Rb1 gxh6 12. O-O Nxd4 13. Qd2 Bc3 14. Qd3
Nxe2+ 15. Qxe2 Qd8 16. Qe3 Ba5 17. Qxh6 Qe7 18. Rb3 Bb6 19. Ng5 Bd8 20. Rg3 Qf8
21. Qh5 Bxg5 22. Qxg5 Bd7 23. Rc3 Bc6 24. Rfc1 Qe7 25. Qe3 Rg8 26. Qd4 Qg5 27.
g3 Kd7 28. Qb4 Qxe5 29. a4 Qe4 0-1

[Event "Accession Vitrolles 2017/2018"]
[Site "Vitrolles"]
[Date "2018.02.03"]
[Round "6"]
[White "Beraud, Robert"]
[Black "Derien, Robert"]
[Result "1-0"]
[WhiteElo "1666"]
[BlackElo "1539"]
[PlyCount "105"]

1. e4 d5 2. exd5 Nf6 3. d4 Nxd5 4. c4 Nb6 5. Nc3 Nc6 6. Nf3 Bg4 7. Be2 e6 8. b3
Bb4 9. Bb2 O-O 10. O-O Be7 11. h3 Bh5 12. Ne4 Bg6 13. Ng3 Bf6 14. Qd2 h5 15.
Qf4 Re8 16. Ne5 Bg5 17. Nxc6 Bxf4 18. Nxd8 Bxg3 19. Nxf7 Bxf2+ 20. Rxf2 Bxf7
21. Bf3 c6 22. Re1 Nd7 23. Rfe2 a5 24. d5 exd5 25. Rxe8+ Bxe8 26. cxd5 c5 27.
d6 Rb8 28. Re7 Nf6 29. Rxb7 Rd8 30. Be5 Bf7 31. Rc7 a4 32. bxa4 Bxa2 33. a5 Bf7
34. a6 Nd7 35. Bf4 c4 36. a7 Nb6 37. Bg5 Rxd6 38. a8=Q+ Nxa8 39. Rc8+ Kh7 40.
Rxa8 Bd5 41. Rd8 Rxd8 42. Bxd8 Bf7 43. h4 g6 44. Ba5 Be6 45. Kf2 Kg7 46. Bc3+
Kf7 47. Ke3 Ke7 48. Kf4 Kf7 49. Be4 Bg4 50. Kg5 Be2 51. Bxg6+ Ke6 52. Bxh5 Bd3
53. Bg6 1-0

[Event "Accession Vitrolles 2017/2018"]
[Site "Vitrolles"]
[Date "2018.02.17"]
[Round "7"]
[White "Derien, Robert"]
[Black "Urcun, Gael"]
[Result "1-0"]
[WhiteElo "1539"]
[BlackElo "1729"]
[PlyCount "121"]

1. e4 c5 2. Nf3 d6 3. Bc4 Nf6 4. d3 Nc6 5. Nc3 Bg4 6. h3 Bh5 7. g4 Bg6 8. Bg5
a6 9. a4 Nb4 10. Qe2 Nd7 11. Nd5 f6 12. Bd2 Nxc2+ 13. Kf1 Nxa1 14. Bc3 Rb8 15.
a5 Bf7 16. Kg2 g6 17. Rxa1 Bh6 18. g5 Bg7 19. gxf6 exf6 20. Ng5 O-O 21. Nxf7
Kxf7 22. Nxf6+ Ke7 23. Nd5+ Ke8 24. Bxg7 Ne5 25. Bxe5 dxe5 26. Qg4 Qd6 27. Qh4
Rd8 28. Qxh7 Rd7 29. Qh4 Rdf7 30. Rf1 Rg7 31. Qh6 Rgg8 32. Qg5 Rh8 33. Re1 Rh5
34. Qg4 Kd8 35. Re3 Rfh8 36. Rf3 Rh4 37. Qg5+ Kc8 38. Ne7+ Kb8 39. Nxg6 R4h5
40. Qf6 Qxf6 41. Rxf6 R8h6 42. h4 Rh7 43. Rf5 R5h6 44. Rxe5 Rxg6+ 45. Rg5 Rgh6
46. h5 Rxh5 47. Rxh5 Rxh5 48. f4 Kc7 49. Kg3 Rh1 50. Kg4 Ra1 51. Kf5 Rxa5 52.
e5 b5 53. Bd5 Ra1 54. Kf6 Re1 55. f5 b4 56. b3 a5 57. Ke6 Kd8 58. f6 Ke8 59.
Kd6 Rb1 60. e6 Re1 61. e7 1-0

[Event "Accession Vitrolles 2017/2018"]
[Site "Vitrolles"]
[Date "2018.02.17"]
[Round "7"]
[White "Battaglia, Gerard"]
[Black "Montanelli, Tristan"]
[Result "1-0"]
[WhiteElo "1744"]
[BlackElo "1650"]
[PlyCount "73"]

1. d4 Nf6 2. c4 c5 3. d5 e6 4. Nc3 Bd6 5. Nf3 O-O 6. Bg5 exd5 7. cxd5 Re8 8. e3
h6 9. Bh4 a6 10. a4 Qa5 11. Bxf6 gxf6 12. Be2 Be5 13. Nxe5 Rxe5 14. O-O f5 15.
Qd2 d6 16. f4 Re7 17. Bd3 Qd8 18. Rf3 Qe8 19. Re1 Bd7 20. b3 b5 21. Rh3 c4 22.
bxc4 bxc4 23. Bxc4 Kg7 24. Bd3 f6 25. a5 Kh7 26. Ne2 Rg7 27. Ng3 Rxg3 28. Rxg3
Qf7 29. e4 fxe4 30. Bxe4+ f5 31. Bf3 Bb5 32. Qd4 Nd7 33. Re6 Rc8 34. Qe3 Qf8
35. Rgg6 Nc5 36. Rxd6 Ne4 37. Qa7+ 1-0

[Event "Accession Vitrolles 2017/2018"]
[Site "Vitrolles"]
[Date "2018.02.17"]
[Round "7"]
[White "Madranges, Jean"]
[Black "Rasolo, Loick"]
[Result "1-0"]
[WhiteElo "1791"]
[BlackElo "1713"]
[PlyCount "73"]

1. d4 e6 2. Bf4 f5 3. Nf3 Be7 4. e3 Nf6 5. Nbd2 O-O 6. c3 d5 7. Bd3 Ne4 8. Ne5
Nd7 9. f3 Nxd2 10. Qxd2 Nxe5 11. Bxe5 Bd6 12. O-O-O Bxe5 13. dxe5 Qg5 14. f4
Qe7 15. h3 Bd7 16. g4 Rad8 17. gxf5 exf5 18. Rdg1 Be6 19. Rg5 Rf7 20. Rhg1 Qf8
21. Qf2 a5 22. Qh4 g6 23. Rh5 Rg7 24. Rhg5 Rdd7 25. Qg3 Rdf7 26. h4 b6 27. Qh2
a4 28. a3 c6 29. h5 gxh5 30. Qxh5 Rxg5 31. Rxg5+ Kh8 32. Rg6 Bd7 33. e6 Be8 34.
exf7 Qxf7 35. Bxf5 c5 36. Bc2 d4 37. Qe5+ 1-0

[Event "Accession Vitrolles 2017/2018"]
[Site "Vitrolles"]
[Date "2018.02.17"]
[Round "7"]
[White "Duval, Jean-Pierre"]
[Black "Beraud, Robert"]
[Result "1-0"]
[WhiteElo "1698"]
[BlackElo "1666"]
[PlyCount "45"]

1. e4 e5 2. Nf3 Nc6 3. Bc4 Bc5 4. c3 Nf6 5. d3 O-O 6. O-O d6 7. h3 a6 8. a4 h6
9. Nbd2 Re8 10. Re1 Ba7 11. Nf1 d5 12. exd5 Nxd5 13. Ng3 Nf6 14. Bb3 Nd7 15.
Be3 Nc5 16. Bc2 f5 17. d4 f4 18. dxc5 Qxd1 19. Raxd1 fxe3 20. Rxe3 Bxc5 21. Re2
Be6 22. Nxe5 Bc4 23. Nxc4 1-0

[Event "Accession Vitrolles 2017/2018"]
[Site "Vitrolles"]
[Date "2018.02.17"]
[Round "7"]
[White "Scamaroni, Jean-Paul"]
[Black "Thiers, Jean-Jacques"]
[Result "1-0"]
[WhiteElo "1574"]
[BlackElo "1678"]
[PlyCount "58"]

1. d4 d5 2. c4 e6 3. Nc3 Nf6 4. Bg5 h6 5. Bh4 Be7 6. e3 Nbd7 7. Nf3 O-O 8. Be2
Re8 9. O-O c6 10. Rc1 dxc4 11. Bxc4 Nd5 12. Bxe7 Qxe7 13. a3 Nxc3 14. Rxc3 Nb6
15. Ba2 Bd7 16. Ne5 Red8 17. Nxd7 Rxd7 18. Qc2 Nd5 19. Bb1 Nf6 20. Rc5 Rd5 21.
b4 Rad8 22. Rc1 e5 23. Rxd5 Rxd5 24. Ba2 Rd6 25. Qc5 b6 26. Qxe5 Qd8 27. h3 Nd5
28. Bxd5 cxd5 29. Qf5 Kf8 1-0

[Event "Accession Vitrolles 2017/2018"]
[Site "Vitrolles"]
[Date "2018.03.24"]
[Round "8"]
[White "Beraud, Robert"]
[Black "Scamaroni, Jean-Paul"]
[Result "1-0"]
[WhiteElo "1666"]
[BlackElo "1574"]
[PlyCount "65"]

1. e4 c5 2. Nc3 Nc6 3. g3 g6 4. Bg2 Bg7 5. d3 d6 6. f4 e6 7. Nf3 Nge7 8. O-O
O-O 9. Be3 Nd4 10. e5 Nef5 11. Bf2 Nxf3+ 12. Qxf3 Nd4 13. Qd1 dxe5 14. fxe5
Bxe5 15. Ne4 Qc7 16. c3 Nf5 17. Nxc5 Rb8 18. d4 Rd8 19. Qe2 Bf6 20. Ne4 Be7 21.
g4 Nd6 22. Bg3 f5 23. Nc5 Kf7 24. Rae1 Bf6 25. Nxe6 Bxe6 26. Qxe6+ Kg7 27. gxf5
gxf5 28. Rxf5 Qf7 29. Rxf6 Qxf6 30. Be5 Ne8 31. Qe7+ Kg6 32. Be4+ Kg5 33. h4+
1-0

[Event "Accession Vitrolles 2017/2018"]
[Site "Vitrolles"]
[Date "2018.03.24"]
[Round "8"]
[White "Urcun, Gael"]
[Black "Duval, Jean-Pierre"]
[Result "1-0"]
[WhiteElo "1729"]
[BlackElo "1698"]
[PlyCount "33"]

1. e4 e6 2. d3 d5 3. Nd2 dxe4 4. dxe4 Nf6 5. Ngf3 Bc5 6. Bd3 Nc6 7. a3 Ng4 8.
O-O Nge5 9. Bb5 Bd7 10. Nb3 Bb6 11. Bf4 Qe7 12. a4 Nxf3+ 13. Qxf3 Nd4 14. Nxd4
Bxd4 15. Bxd7+ Qxd7 16. Rfd1 e5 17. Bxe5 1-0

[Event "Accession Vitrolles 2017/2018"]
[Site "Vitrolles"]
[Date "2018.03.24"]
[Round "8"]
[White "Rasolo, Loick"]
[Black "Derien, Robert"]
[Result "0-1"]
[WhiteElo "1713"]
[BlackElo "1593"]
[PlyCount "60"]

1. d4 Nf6 2. c4 e5 3. d5 Bc5 4. Nc3 e4 5. e3 d6 6. h3 a6 7. Nge2 Bf5 8. Ng3 Bg6
9. Be2 Nbd7 10. a3 a5 11. Nb5 Ne5 12. Nd4 Qd7 13. Bd2 h5 14. b4 axb4 15. axb4
Rxa1 16. Qxa1 Bxd4 17. exd4 Nd3+ 18. Bxd3 exd3 19. Qa8+ Qd8 20. Qxb7 O-O 21.
Bg5 Re8+ 22. Be3 h4 23. Nf1 Ne4 24. f3 Ng3 25. Nxg3 Rxe3+ 26. Kf2 Qe8 27. Ne4
Re2+ 28. Kf1 Bxe4 29. fxe4 Qxe4 30. Qc8+ Kh7 0-1

[Event "Accession Vitrolles 2017/2018"]
[Site "Vitrolles"]
[Date "2018.03.24"]
[Round "8"]
[White "Battaglia, Gerard"]
[Black "Madranges, Jean"]
[Result "0-1"]
[WhiteElo "1744"]
[BlackElo "1791"]
[PlyCount "62"]

1. d4 Nf6 2. c4 Nc6 3. Nf3 e6 4. e3 Bb4+ 5. Nbd2 O-O 6. a3 Bxd2+ 7. Nxd2 d6 8.
Bd3 e5 9. d5 Ne7 10. O-O Nd7 11. b4 f5 12. e4 f4 13. Nf3 Ng6 14. Bd2 Nf6 15.
Qb3 Bg4 16. Rfc1 Bxf3 17. gxf3 Nh4 18. Be2 Qe8 19. Kh1 Qh5 20. Qd3 Ne8 21. Rg1
Rf6 22. Rg4 Rh6 23. Kg1 Ng6 24. Kf1 Qxh2 25. c5 Nf6 26. Rg1 Nh4 27. cxd6 cxd6
28. Rc1 Rg6 29. Rxg6 hxg6 30. Bd1 Nh5 31. Be1 Ng3+ 0-1

[Event "Accession Vitrolles 2017/2018"]
[Site "Vitrolles"]
[Date "2018.03.24"]
[Round "8"]
[White "Montanelli, Tristan"]
[Black "Thiers, Jean-Jacques"]
[Result "0-1"]
[WhiteElo "1679"]
[BlackElo "1678"]
[PlyCount "101"]

1. f4 d5 2. Nf3 Bf5 3. e3 Nf6 4. c4 c6 5. Nc3 Nbd7 6. b4 dxc4 7. Bxc4 Nb6 8.
Bb3 e6 9. a3 Bd6 10. d3 Nfd5 11. Nxd5 exd5 12. Bb2 O-O 13. O-O Re8 14. Bd4 Nd7
15. Rc1 a6 16. g3 Nf6 17. Qd2 Ng4 18. h3 Nf6 19. g4 Bd7 20. Qg2 a5 21. Be5 Be6
22. f5 Bxe5 23. Nxe5 Bd7 24. Nxd7 Qxd7 25. g5 Nh5 26. Qg4 g6 27. Rce1 Qd6 28.
Rf3 Ng7 29. fxg6 fxg6 30. Rf6 Re6 31. Ref1 Nf5 32. e4 Rxf6 33. gxf6 Ne3 34. Qf3
Nxf1 35. Kxf1 Rd8 36. d4 axb4 37. e5 Qe6 38. axb4 Ra8 39. Ke2 Ra3 40. Bxd5 Qxd5
41. Qxa3 Qe4+ 42. Qe3 Qc2+ 43. Kf3 Qf5+ 44. Kg3 Qe6 45. Qh6 Qf7 46. e6 Qxf6 47.
Qf4 Qxe6 48. Qb8+ Kg7 49. Qxb7+ Kh6 50. Qb6 Qe3+ 51. Kg2 0-1

[Event "Accession Vitrolles 2017/2018"]
[Site "Vitrolles"]
[Date "2018.04.07"]
[Round "9"]
[White "Scamaroni, Jean-Paul"]
[Black "Urcun, Gael"]
[Result "0-1"]
[WhiteElo "1584"]
[BlackElo "1727"]
[PlyCount "98"]

1. d4 Nf6 2. c4 g6 3. g3 Bg7 4. Bg2 O-O 5. Nc3 d6 6. Nf3 Nbd7 7. O-O Re8 8. Re1
c5 9. d5 Rb8 10. e4 Ng4 11. h3 Nge5 12. Nxe5 Nxe5 13. Qe2 f5 14. f4 Nf7 15.
exf5 Bxf5 16. g4 Bd7 17. Be3 e5 18. Qf3 exf4 19. Bxf4 Ne5 20. Bxe5 Bxe5 21.
Rab1 Qh4 22. Ne4 Rf8 23. Qd3 Bxg4 24. Rf1 Bf5 25. b3 Rbe8 26. Rbe1 Re7 27. Qf3
Ref7 28. Nxc5 Bd4+ 29. Kh1 Bxc5 30. Qe2 Bxh3 31. Rxf7 Bxg2+ 32. Kxg2 Rxf7 33.
Rf1 Qg5+ 34. Kh3 Qe3+ 35. Qxe3 Bxe3 36. Re1 Bc5 37. Re2 a5 38. Kg3 Kg7 39. Kg4
b6 40. Kg3 h5 41. Kg2 g5 42. Kg3 Kg6 43. a4 h4+ 44. Kg2 g4 45. Re8 Rf2+ 46. Kh1
Kg5 47. Rg8+ Kf4 48. Rf8+ Kg3 49. Rxf2 Kxf2 0-1

[Event "Accession Vitrolles 2017/2018"]
[Site "Vitrolles"]
[Date "2018.04.07"]
[Round "9"]
[White "Madranges, Jean"]
[Black "Montanelli, Tristan"]
[Result "1-0"]
[WhiteElo "1802"]
[BlackElo "1684"]
[PlyCount "45"]

1. d4 Nf6 2. Nf3 e6 3. Bg5 Bb4+ 4. c3 Be7 5. Nbd2 d5 6. e3 Nbd7 7. Bd3 c5 8.
O-O a6 9. Ne5 Qb6 10. Rb1 Qc7 11. f4 h6 12. Bxf6 Nxf6 13. Qf3 Nd7 14. Qh5 O-O
15. Rf3 Nxe5 16. fxe5 f5 17. exf6 Bxf6 18. Qg6 Rf7 19. Qh7+ Kf8 20. Bg6 Rd7 21.
Rbf1 Qd8 22. e4 cxd4 23. e5 1-0

[Event "Accession Vitrolles 2017/2018"]
[Site "Vitrolles"]
[Date "2018.04.07"]
[Round "9"]
[White "Derien, Robert"]
[Black "Battaglia, Gerard"]
[Result "0-1"]
[WhiteElo "1525"]
[BlackElo "1767"]
[PlyCount "126"]

1. e4 e6 2. d4 d5 3. Nd2 Nf6 4. e5 Nfd7 5. c3 c5 6. Bb5 Nc6 7. f4 Qb6 8. Bxc6
bxc6 9. Ne2 Ba6 10. O-O cxd4 11. cxd4 Bxe2 12. Qxe2 Qxd4+ 13. Kh1 Rb8 14. Nb3
Qb6 15. Bd2 Bb4 16. Be3 c5 17. a3 Ba5 18. Nxa5 Qxa5 19. b4 cxb4 20. axb4 Qxb4
21. Rxa7 Qe4 22. Qd2 Rd8 23. Rc1 O-O 24. Rcc7 Qb1+ 25. Bg1 Nb6 26. Qd4 Nc4 27.
Rab7 Qf1 28. Ra7 Rb8 29. Rab7 Rxb7 30. Rxb7 g6 31. h3 Ra8 32. Qf2 Qxf2 33. Bxf2
Nd2 34. Bc5 Ne4 35. Be7 h6 36. h4 Kg7 37. Bd6 g5 38. hxg5 hxg5 39. f5 exf5 40.
Be7 Kg6 41. Rb6+ Kh5 42. Rb7 Nf2+ 43. Kg1 Ng4 44. Kf1 Ra1+ 45. Ke2 Ra2+ 46. Kf3
Nxe5+ 47. Ke3 Ng6 48. Bd6 Rxg2 49. Rxf7 f4+ 50. Kd3 Kg4 51. Rf6 f3 52. Kd4 Rd2+
53. Ke3 Re2+ 54. Kd3 Nf4+ 55. Bxf4 gxf4 56. Rg6+ Kh3 57. Rh6+ Kg2 58. Rg6+ Kf1
59. Rf6 Ke1 60. Rxf4 f2 61. Ra4 Rd2+ 62. Kc3 f1=Q 63. Ra1+ Rd1 0-1

[Event "Accession Vitrolles 2017/2018"]
[Site "Vitrolles"]
[Date "2018.04.07"]
[Round "9"]
[White "Duval, Jean-Pierre"]
[Black "Rasolo, Loick"]
[Result "1/2-1/2"]
[WhiteElo "1682"]
[BlackElo "1751"]
[PlyCount "76"]

1. d4 d5 2. c4 dxc4 3. Nf3 c5 4. e4 cxd4 5. Qxd4 Qxd4 6. Nxd4 a6 7. a4 e5 8.
Nf3 Nc6 9. Bxc4 Nf6 10. O-O Bc5 11. Nc3 Bg4 12. Nd5 Nxd5 13. Bxd5 Bxf3 14.
Bxc6+ bxc6 15. gxf3 O-O-O 16. Bg5 f6 17. Rac1 Bd4 18. Be3 Bxe3 19. fxe3 Kb7 20.
Rc3 Rd2 21. Rfc1 Rhd8 22. Rxc6 Rd1+ 23. Kg2 Rxc1 24. Rxc1 Rd2+ 25. Kg3 Rxb2 26.
f4 Rb4 27. Rd1 Rxe4 28. Kf3 Rxa4 29. Rd7+ Kc6 30. Rxg7 e4+ 31. Kg3 Kd5 32. Rxh7
Ra3 33. Kf2 Ra2+ 34. Kg3 a5 35. h4 Ke6 36. h5 Kf5 37. Rb7 Ra3 38. Rb5+ Ke6
1/2-1/2

[Event "Accession Vitrolles 2017/2018"]
[Site "Vitrolles"]
[Date "2018.04.07"]
[Round "9"]
[White "Thiers, Jean-Jacques"]
[Black "Beraud, Robert"]
[Result "0-1"]
[WhiteElo "1676"]
[BlackElo "1666"]
[PlyCount "80"]

1. e4 e5 2. Nf3 Nc6 3. Bb5 a6 4. Ba4 Nf6 5. O-O b5 6. Bb3 Bb7 7. d3 Bc5 8. Re1
O-O 9. Nbd2 d6 10. Nf1 Bb6 11. h3 Na5 12. Be3 Nxb3 13. axb3 c5 14. Qd2 Rc8 15.
c4 b4 16. Bg5 h6 17. Bh4 Qe7 18. Ng3 Bd8 19. Nh5 Qe6 20. Nxf6+ Bxf6 21. Bxf6
Qxf6 22. Re3 Ra8 23. Nh2 Qg5 24. f4 exf4 25. Rf3 Qe5 26. Rxf4 g5 27. Rf5 Qd4+
28. Rf2 f5 29. Nf3 Qf6 30. exf5 Qxf5 31. Re1 Rae8 32. Rxe8 Rxe8 33. d4 Qb1+ 34.
Kh2 Qe4 35. dxc5 dxc5 36. Qd6 Qf4+ 37. Qxf4 gxf4 38. Nh4 Re3 39. Ng6 f3 40. g3
Re2 0-1